[Event "IND-ch U15 Girls 38th"]
[Site "New Delhi"]
[Date "2022.11.28"]
[Round "1"]
[White "Debapriya, Manna"]
[Black "Agrawal, Riddhi"]
[Result "1-0"]
[WhiteElo "1507"]
[BlackElo "1108"]
[PlyCount "82"]
[EventDate "2022.11.28"]
[EventType "swiss"]
[EventRounds "11"]
[EventCountry "IND"]
[SourceTitle "CBM 211 Extra"]
[Source "ChessBase"]
[SourceDate "2023.01.31"]
[SourceVersion "1"]
[SourceVersionDate "2023.01.31"]
[SourceQuality "1"]

1. c4 Nf6 2. g3 e6 3. Bg2 d5 4. d4 Bb4+ 5. Nc3 c5 6. dxc5 Bxc5 7. cxd5 exd5 8. Nxd5 Be6 9. Nxf6+ Qxf6 10. Qa4+ Nd7 11. Nf3 0-0 12. 0-0 Bb6 13. Qf4 Rad8 14. Qxf6 Nxf6 15. Bg5 Bc4 16. Rac1 Bxe2 17. Rfe1 Bxf3 18. Bxf3 Bd4 19. Rc7 Rd7 20. Rxd7 Nxd7 21. Rd1 Ne5 22. Bxb7 Bxb2 23. Be3 a5 24. f4 Nc4 25. Bc5 Rb8 26. Bd5 Ba3 27. Bxa3 Nxa3 28. Bb3 a4 29. Bxa4 Rb1 30. Rxb1 Nxb1 31. Bb3 Nd2 32. Kf2 Nxb3 33. axb3 Kf8 34. Ke3 Ke7 35. Kd4 Kd6 36. g4 f6 37. h4 h6 38. h5 Ke6 39. Ke4 Kd6 40. Kf5 Kc5 41. Kg6 Kb4 1-0